Ryujin In Every MV - Statistics

General Stats
  • This quiz has been taken 49 times
    32 since last reset
  • The average score is 19 of 24
Answer Stats
Picture Answer % Correct
Cake
100%
Born To Be
96%
Cheshire
96%
Icy
96%
Untouchable
96%
Loco
92%
Mafia In The Morning
92%
Dalla Dalla
88%
Imaginary Friend
88%
Sneakers
88%
Not Shy
83%
Wannabe
83%
Gold
79%
Mr. Vampire
79%
Ringo
75%
Swipe
75%
Voltage
71%
Boys Like You
67%
Run Away
67%
Algorhythm
63%
Bet On Me
63%
Blah Blah Blah
63%
Twenty
58%
None of My Business
54%
No matching quizzes found
Score Distribution
Percent of People with Each Score
Percentile by Number Answered
Your Score History
You have not taken this quiz since the last reset